[Event "Titled Tuesday intern op 28th Feb Early"]
[Site "Chess.com INT"]
[Date "2023.02.28"]
[Round "2"]
[White "Vasques, Antonio Pedro Freix"]
[Black "Issani, Nameer"]
[Result "0-1"]
[WhiteElo "2216"]
[BlackElo "2084"]
[PlyCount "94"]
[EventDate "2023.02.28"]
[EventType "swiss (blitz)"]
[EventRounds "11"]
[EventCountry "USA"]
[SourceTitle "CBM 213 Extra"]
[Source "ChessBase"]
[SourceDate "2023.05.31"]
[SourceVersion "1"]
[SourceVersionDate "2023.05.31"]
[SourceQuality "1"]

1. e4 e5 2. Nf3 Nc6 3. Bc4 Bc5 4. 0-0 Nf6 5. d4 Bxd4 6. Nxd4 Nxd4 7. Bg5 d6 8. f4 Ne6 9. Bxe6 Bxe6 10. fxe5 dxe5 11. Nc3 Qd4+ 12. Qxd4 exd4 13. Nb5 0-0-0 14. e5 Rd5 15. Nxd4 Rxe5 16. Bxf6 gxf6 17. Rxf6 Bd5 18. Raf1 Rhe8 19. b3 a6 20. c4 Be4 21. Rxf7 Rd8 22. Nf3 Ree8 23. Ng5 Bc6 24. h3 Rd2 25. R1f2 Rd1+ 26. Kh2 Kb8 27. Nxh7 Ree1 28. Kg3 Re3+ 29. Kh2 Ree1 30. Ng5 Rh1+ 31. Kg3 Rd3+ 32. Nf3 Rc1 33. Rd2 Re3 34. h4 Rh1 35. Rh7 Re4 36. Rd8+ Ka7 37. Rxc7 Re2 38. Rf8 Kb6 39. Rg7 Ra1 40. Rf6 Raxa2 41. Kf4 Rab2 42. h5 Re1 43. h6 Rh1 44. h7 Rxb3 45. g3 Rxf3+ 46. Kg5 Rxg3+ 47. Kf4 Rxg7 0-1

[Event "Titled Tuesday intern op 01st Nov Late"]
[Site "Chess.com INT"]
[Date "2022.11.01"]
[Round "1"]
[White "Gatterer, Florian"]
[Black "Issani, Nameer"]
[Result "0-1"]
[WhiteElo "2169"]
[BlackElo "2084"]
[PlyCount "62"]
[EventDate "2022.11.01"]
[EventType "swiss (blitz)"]
[EventRounds "11"]
[EventCountry "USA"]
[SourceTitle "EXT 2024"]
[Source "ChessBase"]
[SourceDate "2023.10.10"]
[SourceVersion "1"]
[SourceVersionDate "2023.10.10"]
[SourceQuality "1"]

1. c4 e5 2. Nc3 Nf6 3. Nf3 Nc6 4. e3 d5 5. cxd5 Nxd5 6. Bb5 f6 7. Nxe5 fxe5 8. Qh5+ Ke7 9. Qxe5+ Nxe5 10. 0-0 Nxc3 11. bxc3 Qd5 12. Be2 Bg4 13. f3 Be6 14. d4 Ng6 15. e4 Qh5 16. d5 Bd7 17. Be3 Kd8 18. Rae1 Bd6 19. f4 Qh4 20. g3 Qh3 21. e5 Nh4 22. Rf2 Nf5 23. Bf1 Qh6 24. exd6 Nxe3 25. Rxe3 Qxd6 26. c4 Qc5 27. Ree2 Re8 28. Rd2 Re3 29. a4 Re1 30. a5 Bh3 31. a6 Rxf1# 0-1

[Event "Titled Tuesday intern op 30th Aug Late"]
[Site "Chess.com INT"]
[Date "2022.08.30"]
[Round "3"]
[White "Issani, Nameer"]
[Black "Bettalli, Francesco"]
[Result "1-0"]
[WhiteElo "2050"]
[BlackElo "2249"]
[PlyCount "97"]
[EventDate "2022.08.30"]
[EventType "swiss (blitz)"]
[EventRounds "11"]
[EventCountry "USA"]
[SourceTitle "EXT 2023"]
[Source "ChessBase"]
[SourceDate "2022.10.05"]
[SourceVersion "1"]
[SourceVersionDate "2022.10.05"]
[SourceQuality "1"]

1. d4 Nf6 2. c4 g6 3. Nc3 d6 4. e4 Bg7 5. Nf3 0-0 6. Be2 e5 7. dxe5 dxe5 8. Qxd8 Rxd8 9. Bg5 Nc6 10. Bxf6 Bxf6 11. Nd5 Bg7 12. Nxc7 Rb8 13. Nd5 Bg4 14. Nd2 Bxe2 15. Kxe2 Nd4+ 16. Kd3 b5 17. c5 f5 18. f3 Kf7 19. Rac1 Rbc8 20. b4 Nc6 21. Ke2 Bh6 22. Rcd1 a5 23. a3 axb4 24. axb4 Ra8 25. Ra1 Rxa1 26. Rxa1 Bxd2 27. Kxd2 Nxb4 28. Ra7+ Kg8 29. Kc3 Nxd5+ 30. exd5 Rxd5 31. Kb4 e4 32. fxe4 fxe4 33. c6 Rd1 34. c7 Rb1+ 35. Ka5 Rc1 36. Ra8+ Kf7 37. c8Q Rxc8 38. Rxc8 Ke6 39. Kxb5 Kf5 40. Kc4 Kf4 41. Kd4 g5 42. Rf8+ Kg4 43. Kxe4 h5 44. h3+ Kh4 45. Kf3 g4+ 46. hxg4 hxg4+ 47. Kf4 Kh5 48. Rh8+ Kg6 49. Kxg4 1-0

[Event "Titled Tuesday intern op 30th Aug Late"]
[Site "Chess.com INT"]
[Date "2022.08.30"]
[Round "5"]
[White "Issani, Nameer"]
[Black "Bouget, Alexandre"]
[Result "1-0"]
[WhiteElo "2050"]
[BlackElo "2282"]
[PlyCount "93"]
[EventDate "2022.08.30"]
[EventType "swiss (blitz)"]
[EventRounds "11"]
[EventCountry "USA"]
[SourceTitle "EXT 2023"]
[Source "ChessBase"]
[SourceDate "2022.10.05"]
[SourceVersion "1"]
[SourceVersionDate "2022.10.05"]
[SourceQuality "1"]

1. d4 Nf6 2. c4 e6 3. Nc3 Bb4 4. e3 0-0 5. Nge2 d5 6. a3 Be7 7. cxd5 exd5 8. Nf4 c6 9. Bd3 Bd6 10. 0-0 Re8 11. f3 Bxf4 12. exf4 b6 13. f5 Ba6 14. Bf4 Bxd3 15. Qxd3 c5 16. g4 Nc6 17. Nb5 c4 18. Qd2 Na5 19. Rae1 Nb3 20. Qg2 Qd7 21. Nc7 Rxe1 22. Rxe1 Rc8 23. g5 Nh5 24. Be5 Nxd4 25. Bxd4 Qxc7 26. Qg4 Qf4 27. Qxf4 Nxf4 28. Re7 Kf8 29. Rxa7 Ne2+ 30. Kf2 Nxd4 31. f6 gxf6 32. gxf6 Nc6 33. Rb7 Ne5 34. Ke3 h5 35. h3 Kg8 36. f4 Nd3 37. Rxb6 Kh7 38. f5 Kh6 39. h4 Re8+ 40. Kd4 Nf4 41. Rb7 Re4+ 42. Kc5 d4 43. Rxf7 d3 44. Rd7 Re5+ 45. Kxc4 Rxf5 46. f7 Rf6 47. Rd6 1-0

[Event "Titled Tuesday intern op 12th Jul Late"]
[Site "Chess.com INT"]
[Date "2022.07.12"]
[Round "1"]
[White "Issani, Nameer"]
[Black "Gombocz, Ferenc Jr"]
[Result "1/2-1/2"]
[WhiteElo "2070"]
[BlackElo "2229"]
[PlyCount "137"]
[EventDate "2022.07.12"]
[EventType "swiss (blitz)"]
[EventRounds "11"]
[EventCountry "USA"]
[SourceTitle "EXT 2023"]
[Source "ChessBase"]
[SourceDate "2022.10.05"]
[SourceVersion "1"]
[SourceVersionDate "2022.10.05"]
[SourceQuality "1"]

1. d4 d5 2. c4 c6 3. e3 Nf6 4. Nf3 Bf5 5. Bd3 Bg6 6. 0-0 e6 7. Ne5 Nbd7 8. f4 Ne4 9. Nc3 f5 10. Bxe4 dxe4 11. Nxg6 hxg6 12. d5 exd5 13. cxd5 Nc5 14. dxc6 Qxd1 15. Rxd1 bxc6 16. Ne2 Nd3 17. Nd4 Kd7 18. Bd2 c5 19. Nb3 Ke6 20. Bc3 Rg8 21. Nd2 Be7 22. Nc4 Bf6 23. Bxf6 gxf6 24. Rab1 Rab8 25. b3 Rb5 26. Rd2 g5 27. g3 gxf4 28. exf4 Nxf4 29. Rd6+ Ke7 30. Rf1 Ne2+ 31. Kg2 Nd4 32. Ra6 Rb7 33. Ne3 Rd8 34. Nxf5+ Nxf5 35. Rxf5 Rd2+ 36. Kh3 e3 37. Rfxf6 Rb6 38. Raxb6 axb6 39. Rf3 e2 40. Re3+ Kf6 41. Kg4 b5 42. Kf3 Rxa2 43. Rxe2 Ra3 44. Re3 Ra2 45. h4 Rc2 46. g4 c4 47. bxc4 bxc4 48. Kf4 Rf2+ 49. Kg3 Rb2 50. g5+ Kg6 51. Kg4 Rg2+ 52. Kf4 Rf2+ 53. Kg3 Rb2 54. Re6+ Kf5 55. Rf6+ Ke5 56. Rc6 Kd5 57. Rc8 Rb6 58. Kg4 Rc6 59. Rd8+ Ke6 60. h5 c3 61. Rd1 c2 62. Rc1 Rc4+ 63. Kg3 Kf5 64. g6 Rc7 65. Kh4 Rc4+ 66. Kh3 Rc7 67. Kh4 Rc4+ 68. Kg3 Rc7 69. Kh4 1/2-1/2

[Event "Titled Tuesday intern op 03rd May Late"]
[Site "Chess.com INT"]
[Date "2022.05.03"]
[Round "1"]
[White "Bernal Moro, Luis Javier"]
[Black "Issani, Nameer"]
[Result "0-1"]
[WhiteElo "2415"]
[BlackElo "2070"]
[PlyCount "76"]
[EventDate "2022.05.03"]
[EventType "swiss (blitz)"]
[EventRounds "11"]
[EventCountry "USA"]
[SourceTitle "CBM 208 Extra"]
[Source "ChessBase"]
[SourceDate "2022.07.31"]
[SourceVersion "1"]
[SourceVersionDate "2022.07.31"]
[SourceQuality "1"]

1. c4 Nf6 2. Nc3 e5 3. Nf3 Nc6 4. e3 Bb4 5. Qc2 0-0 6. Nd5 Bc5 7. a3 a5 8. b3 d6 9. Bd3 h6 10. Nxf6+ Qxf6 11. Be4 Ne7 12. Bb2 Qe6 13. d4 exd4 14. Nxd4 Bxd4 15. Bxd4 f5 16. Bf3 c6 17. 0-0 Ng6 18. g3 Ne5 19. Bg2 a4 20. Rfc1 axb3 21. Qxb3 Qf7 22. f4 Ng4 23. e4 fxe4 24. Bxe4 Qh5 25. Qb2 Rf7 26. Re1 Bf5 27. Bf3 Qg6 28. Rad1 h5 29. Bb6 h4 30. h3 Nh6 31. g4 Bxg4 32. hxg4 Rxf4 33. Qg2 Raf8 34. Be4 Qf7 35. Rxd6 Rxg4 36. Rg6 Rxg2+ 37. Rxg2 h3 38. Rh2 Qh5 0-1

[Event "Titled Tuesday intern op 15 Mar Late"]
[Site "Chess.com INT"]
[Date "2022.03.15"]
[Round "7"]
[White "Issani, Nameer"]
[Black "Papasimakopoulos, Alexandros"]
[Result "1/2-1/2"]
[WhiteElo "2070"]
[BlackElo "2259"]
[PlyCount "119"]
[EventDate "2022.03.15"]
[EventType "swiss (blitz)"]
[EventRounds "11"]
[EventCountry "USA"]
[SourceTitle "CBM 207 Extra"]
[Source "ChessBase"]
[SourceDate "2022.05.31"]
[SourceVersion "1"]
[SourceVersionDate "2022.05.31"]
[SourceQuality "1"]

1. d4 e6 2. c4 Nf6 3. Nc3 Bb4 4. e3 0-0 5. Nge2 c6 6. a3 Ba5 7. b4 Bc7 8. e4 d6 9. Qc2 e5 10. f3 a5 11. Rb1 axb4 12. axb4 Re8 13. Bg5 h6 14. Bh4 Bb6 15. d5 g5 16. Bf2 Bxf2+ 17. Kxf2 cxd5 18. cxd5 Qb6+ 19. Ke1 Na6 20. Qd2 Bd7 21. h4 Nh7 22. hxg5 hxg5 23. Ng3 f6 24. Nf5 Rac8 25. Nd1 Bxf5 26. exf5 Qd4 27. Ne3 Kg7 28. Ng4 Rc3 29. Rxh7+ Kxh7 30. Nxf6+ Kh6 31. Qxd4 exd4+ 32. Nxe8 d3 33. Kd2 Ra3 34. Bxd3 Ra2+ 35. Ke3 g4 36. fxg4 Kg5 37. Bxa6 bxa6 38. f6 Kg6 39. Nxd6 Kxf6 40. Ne4+ Ke5 41. d6 Ra3+ 42. Ke2 Kxe4 43. d7 Re3+ 44. Kf2 Rd3 45. Re1+ Kf4 46. Re7 Rd2+ 47. Ke1 Rd4 48. Ke2 Rd5 49. g3+ Kxg4 50. Ke3 Kf5 51. g4+ Kf6 52. Rh7 Kg6 53. Re7 Kf6 54. Rh7 Kg6 55. Rh8 Rxd7 56. Ra8 Rd6 57. Ke4 Rb6 58. Kd5 Rxb4 59. Rxa6+ Kg5 60. Kc5 1/2-1/2

[Event "Titled Tuesday intern op 15 Mar Late"]
[Site "Chess.com INT"]
[Date "2022.03.15"]
[Round "6"]
[White "Mekhitarian, Krikor Sevag"]
[Black "Issani, Nameer"]
[Result "1/2-1/2"]
[WhiteElo "2569"]
[BlackElo "2070"]
[PlyCount "109"]
[EventDate "2022.03.15"]
[EventType "swiss (blitz)"]
[EventRounds "11"]
[EventCountry "USA"]
[SourceTitle "CBM 207 Extra"]
[Source "ChessBase"]
[SourceDate "2022.05.31"]
[SourceVersion "1"]
[SourceVersionDate "2022.05.31"]
[SourceQuality "1"]

1. e4 e5 2. Nf3 Nc6 3. Bc4 Bc5 4. c3 Nf6 5. d4 exd4 6. cxd4 Bb4+ 7. Nbd2 d5 8. exd5 Nxd5 9. 0-0 0-0 10. Ne4 h6 11. a3 Be7 12. Ng3 Be6 13. Bd3 Qd7 14. Re1 Rad8 15. Bc2 Nb6 16. Qd3 f5 17. Bd2 Bc4 18. Qc3 Bd6 19. Rad1 Bxg3 20. hxg3 Nxd4 21. Nxd4 Qxd4 22. Qxd4 Rxd4 23. Bc3 Rxd1 24. Rxd1 Re8 25. Bxf5 Nd5 26. Bd2 c6 27. Re1 Rxe1+ 28. Bxe1 Kf7 29. Bc2 Ba6 30. Bd2 Ke6 31. f3 b6 32. Kf2 Bb7 33. g4 c5 34. f4 Nf6 35. Bf5+ Ke7 36. Bc3 Kf7 37. Be5 g6 38. Bxf6 gxf5 39. Be5 fxg4 40. Bb8 a6 41. Ba7 b5 42. Bxc5 Kg6 43. g3 Kf5 44. Ke3 a5 45. Be7 a4 46. Kd4 Bf3 47. Bh4 h5 48. Kc5 Be2 49. Kd4 Bc4 50. Bg5 Bf1 51. Bh4 Bc4 52. Bg5 Be2 53. Bh4 Bf3 54. Bg5 Be2 55. Bh4 1/2-1/2

[Event "Titled Tuesday intern op 15th Feb Early"]
[Site "Chess.com INT"]
[Date "2022.02.15"]
[Round "2"]
[White "Balint, Vilmos"]
[Black "Issani, Nameer"]
[Result "1-0"]
[WhiteElo "2311"]
[BlackElo "2070"]
[PlyCount "55"]
[EventDate "2022.02.15"]
[EventType "swiss (blitz)"]
[EventRounds "11"]
[EventCountry "USA"]
[SourceTitle "CBM 206 Extra"]
[Source "ChessBase"]
[SourceDate "2022.03.31"]
[SourceVersion "1"]
[SourceVersionDate "2022.03.31"]
[SourceQuality "1"]

1. d4 Nf6 2. Nc3 d5 3. Bf4 c6 4. Qd2 g6 5. e3 Bg7 6. Be2 0-0 7. h4 h6 8. Nf3 Bg4 9. Ne5 Bxe2 10. Qxe2 Nbd7 11. 0-0-0 Nxe5 12. Bxe5 Nd7 13. Bxg7 Kxg7 14. g4 b5 15. f4 a5 16. f5 a4 17. g5 h5 18. e4 b4 19. Nb1 dxe4 20. Qxe4 Ra5 21. fxg6 fxg6 22. Rde1 Rf7 23. Qxc6 Nb6 24. Re6 Qd5 25. Rxg6+ Kf8 26. Rg1 Qxd4 27. Qxb6 Qf4+ 28. Nd2 1-0

[Event "Titled Tuesday intern op 13th Apr"]
[Site "Chess.com INT"]
[Date "2021.04.13"]
[Round "2"]
[White "Baker, Chris W"]
[Black "Issani, Nameer"]
[Result "1-0"]
[WhiteElo "2227"]
[BlackElo "2070"]
[PlyCount "37"]
[EventDate "2021.04.13"]
[EventType "swiss (blitz)"]
[EventRounds "11"]
[EventCountry "USA"]
[SourceTitle "CBM 201 Extra"]
[Source "ChessBase"]
[SourceDate "2021.05.31"]
[SourceVersion "1"]
[SourceVersionDate "2021.05.31"]
[SourceQuality "1"]

1. e4 e5 2. Nf3 Nc6 3. Bc4 Bc5 4. 0-0 Nf6 5. d4 Bxd4 6. Nxd4 Nxd4 7. Bg5 Ne6 8. Bxe6 fxe6 9. f4 exf4 10. e5 0-0 11. exf6 gxf6 12. Bxf4 d5 13. c4 d4 14. Nd2 e5 15. Bh6 Re8 16. Ne4 f5 17. Bg5 fxe4 18. Bxd8 Rxd8 19. Qh5 1-0

[Event "Titled Tuesday intern op 13th Apr"]
[Site "Chess.com INT"]
[Date "2021.04.13"]
[Round "3"]
[White "Issani, Nameer"]
[Black "Paiva, Henrique MA Alberg"]
[Result "1/2-1/2"]
[WhiteElo "2070"]
[BlackElo "2065"]
[PlyCount "90"]
[EventDate "2021.04.13"]
[EventType "swiss (blitz)"]
[EventRounds "11"]
[EventCountry "USA"]
[SourceTitle "CBM 201 Extra"]
[Source "ChessBase"]
[SourceDate "2021.05.31"]
[SourceVersion "1"]
[SourceVersionDate "2021.05.31"]
[SourceQuality "1"]

1. Nf3 d5 2. c4 c6 3. e3 Nf6 4. Nc3 e6 5. d4 Bd6 6. Bd3 0-0 7. Qc2 Nbd7 8. 0-0 e5 9. dxe5 Bxe5 10. cxd5 cxd5 11. Ne2 Bd6 12. Ned4 Nc5 13. Be2 Nce4 14. b3 Bg4 15. Bb2 Rc8 16. Qd1 a6 17. h3 Bh5 18. Rc1 Rxc1 19. Qxc1 Bg6 20. Qa1 Qe7 21. Rc1 Nc5 22. Nh4 Nd3 23. Bxd3 Bxd3 24. Ndf5 Bxf5 25. Nxf5 Qe6 26. Nxd6 Qxd6 27. Bxf6 gxf6 28. Qd4 Re8 29. Rd1 Re5 30. Qg4+ Rg5 31. Qc8+ Kg7 32. Qxb7 Qe6 33. Kh1 Qe4 34. Rg1 Qf5 35. f4 Rg3 36. Kh2 Rxe3 37. Rf1 Re2 38. Qxa6 Qe4 39. Rg1 Qxf4+ 40. Kh1 Re3 41. Qb5 Qe4 42. Kh2 Qe5+ 43. Kh1 Qe4 44. Kh2 Qe5+ 45. Kh1 Qe4 1/2-1/2

[Event "Titled Tuesday intern op 13th Apr"]
[Site "Chess.com INT"]
[Date "2021.04.13"]
[Round "1"]
[White "Issani, Nameer"]
[Black "Sailer, Mike L"]
[Result "1/2-1/2"]
[WhiteElo "2070"]
[BlackElo "2109"]
[PlyCount "160"]
[EventDate "2021.04.13"]
[EventType "swiss (blitz)"]
[EventRounds "11"]
[EventCountry "USA"]
[SourceTitle "CBM 201 Extra"]
[Source "ChessBase"]
[SourceDate "2021.05.31"]
[SourceVersion "1"]
[SourceVersionDate "2021.05.31"]
[SourceQuality "1"]

1. Nf3 d5 2. c4 c6 3. e3 Nf6 4. Nc3 Bf5 5. d4 e6 6. Ne5 Be7 7. f4 h6 8. Be2 Nbd7 9. 0-0 0-0 10. b3 Ne4 11. Bb2 Nxc3 12. Bxc3 Nf6 13. Bd3 Bxd3 14. Qxd3 Ne4 15. Bb2 Bd6 16. Nf3 f5 17. Rac1 a6 18. Qe2 Rc8 19. Qe1 Qe7 20. Rc2 Bb4 21. Qd1 Rfd8 22. Qc1 Bd6 23. c5 Bc7 24. b4 g5 25. g3 Kh7 26. Rg2 Rg8 27. Qc2 Rg6 28. Bc1 Rcg8 29. fxg5 hxg5 30. g4 Kg7 31. Qe2 Kf8 32. Ne1 Rf6 33. a4 Ke8 34. b5 axb5 35. axb5 fxg4 36. Rxf6 Qxf6 37. bxc6 bxc6 38. Qxg4 Rf8 39. Qe2 Ba5 40. Nd3 Nc3 41. Qe1 Na2 42. Qe2 Nxc1 43. Nxc1 Bc7 44. Nd3 Rh8 45. Rf2 Qh6 46. Qg4 Ke7 47. Kf1 Bxh2 48. Ke2 Bc7 49. Qf3 Qh5 50. Qxh5 Rxh5 51. Kf3 Rh3+ 52. Ke2 g4 53. Rg2 g3 54. Kf3 Rh2 55. Nf4 Rxg2 56. Kxg2 e5 57. dxe5 Bxe5 58. Kxg3 Bxf4+ 59. Kxf4 Kf6 60. e4 dxe4 61. Kxe4 Ke6 62. Kd4 Kf5 63. Kd3 Ke5 64. Kc4 Ke4 65. Kc3 Kd5 66. Kb3 Kxc5 67. Kc3 Kd5 68. Kd3 Kc5 69. Kc3 Kd5 70. Kd3 c5 71. Kc3 c4 72. Kc2 Kd4 73. Kd2 c3+ 74. Kc2 Kc4 75. Kc1 Kd3 76. Kd1 Ke3 77. Kc2 Kd4 78. Kc1 Kd3 79. Kd1 c2+ 80. Kc1 Kc3 1/2-1/2

[Event "Titled Tuesday intern op 13th Apr"]
[Site "Chess.com INT"]
[Date "2021.04.13"]
[Round "7"]
[White "Skuhala, Barbara"]
[Black "Issani, Nameer"]
[Result "1-0"]
[WhiteElo "2077"]
[BlackElo "2070"]
[PlyCount "55"]
[EventDate "2021.04.13"]
[EventType "swiss (blitz)"]
[EventRounds "11"]
[EventCountry "USA"]
[SourceTitle "CBM 201 Extra"]
[Source "ChessBase"]
[SourceDate "2021.05.31"]
[SourceVersion "1"]
[SourceVersionDate "2021.05.31"]
[SourceQuality "1"]

1. e4 e5 2. Nf3 Nc6 3. d4 exd4 4. Nxd4 Nf6 5. Nxc6 bxc6 6. Bd3 d5 7. exd5 cxd5 8. 0-0 Be7 9. c4 c6 10. Nc3 0-0 11. Bg5 Be6 12. cxd5 cxd5 13. Rc1 Rc8 14. a3 d4 15. Ne2 Qb6 16. b4 Rfd8 17. Nf4 Bg4 18. Qd2 h6 19. Bxf6 Bxf6 20. Rxc8 Rxc8 21. Nd5 Qd6 22. Nxf6+ Qxf6 23. Rc1 Re8 24. h3 Be6 25. Re1 Rd8 26. Qe2 Bd5 27. Qe8+ Rxe8 28. Rxe8# 1-0

[Event "Titled Tuesday intern op 06th Apr"]
[Site "Chess.com INT"]
[Date "2021.04.06"]
[Round "4"]
[White "Erden, Kadir"]
[Black "Issani, Nameer"]
[Result "0-1"]
[WhiteElo "2271"]
[BlackElo "2070"]
[PlyCount "106"]
[EventDate "2021.04.06"]
[EventType "swiss (blitz)"]
[EventRounds "11"]
[EventCountry "USA"]
[SourceTitle "CBM 201 Extra"]
[Source "ChessBase"]
[SourceDate "2021.05.31"]
[SourceVersion "1"]
[SourceVersionDate "2021.05.31"]
[SourceQuality "1"]

1. d4 Nf6 2. Bg5 e6 3. e4 h6 4. Bxf6 Qxf6 5. c3 g6 6. Bd3 Bg7 7. Ne2 d6 8. 0-0 Nd7 9. f4 Qe7 10. Nd2 e5 11. Nf3 0-0 12. Qd2 exd4 13. cxd4 c5 14. Rae1 cxd4 15. Nexd4 Nc5 16. Bc2 Bg4 17. b4 Ne6 18. Bb3 Rac8 19. f5 Nxd4 20. Nxd4 Kh7 21. h3 Qe5 22. Nc2 Bh5 23. g4 Bf6 24. gxh5 gxh5 25. Kh1 Bh4 26. Re2 Bg5 27. Qd5 Qg3 28. Rh2 Bf4 29. Rg2 Qxh3+ 30. Kg1 Bh2+ 31. Kh1 Bf4+ 32. Kg1 Bh2+ 33. Kf2 Bf4 34. Rfg1 Be5 35. Ke2 Rc3 36. f6 Qf3+ 37. Ke1 Bxf6 38. Qf5+ Qxf5 39. exf5 Bh4+ 40. Kd2 Rf3 41. Nd4 Rf2+ 42. Kd3 Rxg2 43. Rxg2 Bf6 44. Ne2 h4 45. Nc3 Be5 46. Ne4 h3 47. Rg1 h2 48. Rh1 Rg8 49. Bxf7 Rg1 50. Nf2 Rg2 51. Ke3 Bg3 52. Ne4 Be5 53. Kf3 Rxa2 0-1

[Event "Titled Tuesday intern op 02nd Mar"]
[Site "Chess.com INT"]
[Date "2021.03.02"]
[Round "4"]
[White "Rytenko, Vsevolod"]
[Black "Issani, Nameer"]
[Result "0-1"]
[WhiteElo "2403"]
[BlackElo "2070"]
[PlyCount "122"]
[EventDate "2021.03.02"]
[EventType "swiss (blitz)"]
[EventRounds "11"]
[EventCountry "USA"]
[SourceTitle "CBM 201 Extra"]
[Source "ChessBase"]
[SourceDate "2021.05.31"]
[SourceVersion "1"]
[SourceVersionDate "2021.05.31"]
[SourceQuality "1"]

1. d4 Nf6 2. c4 e6 3. Nc3 Bb4 4. Bd2 0-0 5. Nf3 d6 6. a3 Bxc3 7. Bxc3 Nbd7 8. e3 b6 9. Be2 Bb7 10. 0-0 Ne4 11. Qc2 f5 12. Nd2 Nxc3 13. Qxc3 Qg5 14. Bf3 Bxf3 15. Nxf3 Qf6 16. Rfe1 Rae8 17. e4 e5 18. dxe5 dxe5 19. exf5 Qxf5 20. Qe3 e4 21. Nd4 Qf7 22. b3 Ne5 23. h3 c5 24. Nb5 Qf6 25. Rad1 Nd3 26. Re2 Re7 27. f3 Nf4 28. Rf2 Qg6 29. fxe4 Rxe4 30. Qf3 Ne2+ 31. Qxe2 Rxe2 32. Rxe2 h6 33. Rde1 Qd3 34. Re3 Qd2 35. R3e2 Qf4 36. Re3 a6 37. Nc3 Qd4 38. Kh1 Qf4 39. Nd5 Qd6 40. Ne7+ Kh7 41. Nd5 b5 42. Re7 Qg3 43. R7e3 Qg5 44. Re5 Qd2 45. R5e2 Qa5 46. Re7 Qxa3 47. R7e3 bxc4 48. bxc4 Qa4 49. R1e2 Qxc4 50. Ne7 Rf7 51. Nc6 Qb5 52. Ne5 Re7 53. Kh2 a5 54. g3 a4 55. g4 Qa5 56. g5 a3 57. g6+ Kh8 58. Rf2 Qd8 59. Nf7+ Rxf7 60. Rf6 Rxf6 61. Re8+ Qxe8 0-1

[Event "Titled Tuesday intern op 23rd Feb"]
[Site "Chess.com INT"]
[Date "2021.02.23"]
[Round "1"]
[White "Ashiev, Eduard"]
[Black "Issani, Nameer"]
[Result "1-0"]
[WhiteElo "2202"]
[BlackElo "2070"]
[PlyCount "45"]
[EventDate "2021.02.23"]
[EventType "swiss (blitz)"]
[EventRounds "11"]
[EventCountry "USA"]
[SourceTitle "CBM 200 Extra"]
[Source "ChessBase"]
[SourceDate "2021.03.31"]
[SourceVersion "1"]
[SourceVersionDate "2021.03.31"]
[SourceQuality "1"]

1. d4 Nf6 2. Nf3 e6 3. c4 d5 4. Nc3 Nbd7 5. Bf4 Bd6 6. Bg3 0-0 7. e3 Qe7 8. c5 Bxg3 9. hxg3 b6 10. c6 Nb8 11. Ne5 Qe8 12. Bd3 g6 13. Qf3 Qe7 14. 0-0-0 Ba6 15. Bc2 Ne8 16. Rh6 b5 17. Rdh1 Nf6 18. g4 b4 19. g5 Nh5 20. R1xh5 gxh5 21. Qxh5 bxc3 22. Rxh7 cxb2+ 23. Kb1 1-0

[Event "Titled Tuesday intern op 09th Feb"]
[Site "Chess.com INT"]
[Date "2021.02.09"]
[Round "3"]
[White "Camlar, Arda"]
[Black "Issani, Nameer"]
[Result "1-0"]
[WhiteElo "1934"]
[BlackElo "2070"]
[PlyCount "65"]
[EventDate "2021.02.09"]
[EventType "swiss (blitz)"]
[EventRounds "11"]
[EventCountry "USA"]
[SourceTitle "EXT 2022"]
[Source "ChessBase"]
[SourceDate "2021.10.06"]
[SourceVersion "1"]
[SourceVersionDate "2021.10.06"]
[SourceQuality "1"]

1. d4 Nf6 2. Nf3 e6 3. Bf4 c5 4. c3 Nc6 5. e3 d5 6. Nbd2 Be7 7. Bd3 0-0 8. 0-0 h6 9. h3 b6 10. Qe2 Bb7 11. e4 dxe4 12. Nxe4 cxd4 13. Nxf6+ Bxf6 14. Qe4 g6 15. Bxh6 Re8 16. Qg4 dxc3 17. Bxg6 fxg6 18. Qxg6+ Kh8 19. Ng5 Re7 20. Qxf6+ Kg8 21. Qg6+ Kh8 22. Nf7+ Rxf7 23. Qxf7 Qg8 24. Qxb7 cxb2 25. Qxc6 bxa1Q 26. Rxa1 Rc8 27. Qe4 Qf7 28. Be3 Rf8 29. Rd1 Kg8 30. Qg4+ Kh8 31. Rd4 e5 32. Qh4+ Kg7 33. Rg4+ 1-0

[Event "Titled Tuesday intern op 02nd Feb"]
[Site "Chess.com INT"]
[Date "2021.02.02"]
[Round "5"]
[White "Shahaliyev, Ismayil Bahram"]
[Black "Issani, Nameer"]
[Result "1-0"]
[WhiteElo "2413"]
[BlackElo "2070"]
[PlyCount "155"]
[EventDate "2021.02.02"]
[EventType "swiss (blitz)"]
[EventRounds "11"]
[EventCountry "USA"]
[SourceTitle "CBM 200 Extra"]
[Source "ChessBase"]
[SourceDate "2021.03.31"]
[SourceVersion "1"]
[SourceVersionDate "2021.03.31"]
[SourceQuality "1"]

1. e4 e5 2. Nf3 Nc6 3. Bb5 a6 4. Ba4 Nf6 5. d3 b5 6. Bb3 Be7 7. 0-0 0-0 8. a3 d6 9. h3 Na5 10. Ba2 c5 11. Nc3 Nc6 12. Nd5 Be6 13. Nxf6+ Bxf6 14. Be3 Qd7 15. c3 Bxa2 16. Rxa2 Be7 17. b4 Qe6 18. Re2 f5 19. exf5 Qxf5 20. d4 cxd4 21. cxd4 e4 22. Qb3+ Kh8 23. Nd2 d5 24. Nb1 Bd6 25. Nc3 Ne7 26. a4 bxa4 27. Nxa4 Rf6 28. f4 h5 29. Nc5 g5 30. Ref2 g4 31. hxg4 Qxg4 32. Qd1 Rg8 33. Qxg4 hxg4 34. g3 Nf5 35. Rh2+ Kg7 36. Re1 Bxc5 37. bxc5 Kf7 38. Rb2 Nxg3 39. Rb7+ Kg6 40. Kf2 Nh5 41. Rg1 Kf5 42. Rd7 Ke6 43. Rd6+ Ke7 44. Rxd5 Nxf4 45. Re5+ Ne6+ 46. Ke2 g3 47. d5 Kd7 48. Rxe6 Rxe6 49. dxe6+ Kxe6 50. Ra1 g2 51. Rxa6+ Kd5 52. Ra1 Kc6 53. Rg1 Kd5 54. Kf2 Rf8+ 55. Kxg2 Rg8+ 56. Kf2 Rf8+ 57. Ke2 Ra8 58. Rd1+ Kc4 59. Rd4+ Kc3 60. Rxe4 Ra2+ 61. Kf3 Ra6 62. Rf4 Kd3 63. Rf5 Kc4 64. Ke4 Re6+ 65. Re5 Rc6 66. Kf5 Kb5 67. Re6 Rc8 68. Rb6+ Kc4 69. Ke5 Re8+ 70. Re6 Rc8 71. c6 Kb5 72. Kd5 Rd8+ 73. Rd6 Rc8 74. Bd4 Rg8 75. c7 Rc8 76. Rd7 Ka6 77. Kc6 Ra8 78. Rd8 1-0

[Event "Titled Tuesday intern op 26th Jan"]
[Site "Chess.com INT"]
[Date "2021.01.26"]
[Round "1"]
[White "Tsukerman, Julia"]
[Black "Issani, Nameer"]
[Result "0-1"]
[WhiteElo "1523"]
[BlackElo "2070"]
[PlyCount "108"]
[EventDate "2021.01.26"]
[EventType "swiss (blitz)"]
[EventRounds "11"]
[EventCountry "USA"]
[SourceTitle "CBM 200 Extra"]
[Source "ChessBase"]
[SourceDate "2021.03.31"]
[SourceVersion "1"]
[SourceVersionDate "2021.03.31"]
[SourceQuality "1"]

1. e4 e5 2. Nf3 Nc6 3. Bb5 a6 4. Ba4 Nf6 5. d3 b5 6. Bb3 Be7 7. 0-0 d6 8. c3 0-0 9. h3 Na5 10. Bc2 c5 11. Nbd2 Qc7 12. Re1 Re8 13. Nf1 Bf8 14. Ng3 g6 15. Bg5 Bg7 16. Rc1 Nc6 17. Be3 Bd7 18. d4 cxd4 19. cxd4 Rac8 20. dxe5 dxe5 21. Qe2 Qb7 22. Nd2 h5 23. Nb3 Nb4 24. Bb1 h4 25. Nc5 Qa8 26. Nf1 Nc6 27. f3 Be6 28. Nxe6 Rxe6 29. Nd2 Nh5 30. Qf2 Bf6 31. Nf1 Nf4 32. Nh2 g5 33. Ng4 Bg7 34. Qf1 Ne7 35. Nf2 Rec6 36. Nd3 Neg6 37. Nxf4 exf4 38. Bd2 Rd6 39. Bc3 Qa7+ 40. Qf2 Qxf2+ 41. Kxf2 Bxc3 42. Rxc3 Rxc3 43. bxc3 Rc6 44. Rc1 Ne5 45. Ke2 b4 46. Kd2 Nc4+ 47. Kd3 Ne3 48. c4 Nxg2 49. Rg1 Ne3 50. Rxg5+ Kf8 51. Rg4 Nxg4 52. fxg4 Ke7 53. Kd4 Ke6 54. Bd3 Rd6+ 0-1